000 01301nam a22003497a 4500
003 CHAP
005 20220329141707.0
008 971013s1977 r 00010 d
010 _a72318
011 _a73290
035 _a82847
040 _cCHAP
090 _aTesis
100 0 0 _aGarcía Alvarez, José.
_945706
245 _aRespuesta del cártamo (Carthamus tinetorius L.) a diferentes niveles de humedad, fertilización y sistemas de siembra en el Distrito de Riego No. 24, Ciénega de Chapala, Michoacán
260 _aChapingo, Méx. :
_bEl autor,
_c1977
300 _a55 h.
_b: ilus. : gráfs.
502 _aTesis (Ing. Agr. Esp. en Fitotecnia) -- ENA. Departamento de Fitotecnia
590 _aALEPH
_b10
_c20130110
_lUCH01
_h1413
590 _aBATCH-UPD
_b10
_c20130110
_lUCH01
_h0700
590 _aBATCH-UPD
_b10
_c20130110
_lUCH01
_h2327
590 _aBATCH-UPD
_b10
_c20130410
_lUCH01
_h0346
590 _aBATCH-UPD
_b10
_c20130914
_lUCH01
_h0507
590 _aCONVERSION
_b10
_c20130109
_lUCH01
_h1340
650 1 4 _aAzafrancillo.
_99048
650 1 4 _aAzafrancillo
_xIrrigación.
_99068
650 1 4 _aDistrito de Riego Ciénega de Chapala, Mich.
_932855
650 1 4 _aFertilizantes para azafrancillo.
_940604
901 _aBK
942 _cTESIS
949 _bBC
_cTES
_d-37096
_eTS1
_i82847
_si
999 _c72318
_d72318